Szczegóły MARC21

Mowa ciała zdradzi więcej niż tysiąc słów /

003 -Nazwa inst., której nr kontr. jest w polu 001 [,]
    • @
    • Nazwa instytucji, której n kontrolny jest w polu 001
    • NUKAT
005 -DATA I CZAS OSTATNIEJ MODYFIKACJI [,]
    • @
    • pole kontrolne
    • 20241231110023.0
020 -Międzynarod. znormalizowany nr książki - ISBN [ , ]
    • a
    • Numer ISBN
    • 8385502254 Find
040 -Instytucja sporządzająca opis [ , ]
    • a
    • Instytucja, która sporządziła opis (NP)
    • POZN U/MW
    • c
    • Instytucja, która sporządziła rekord (NP)
    • POZN U/MW
    • d
    • Instytucja, która zmodyfikowała rekord (P)
    • POZN U/MW
    • d
    • Instytucja, która zmodyfikowała rekord (P)
    • KR U/42MS
    • d
    • Instytucja, która zmodyfikowała rekord (P)
    • KR U/42JCs
041 -Język dokumentu [1, ]
    • a
    • Język tekstu (P)
    • polski
    • h
    • Język tekstu oryginalnego i/lub pośredniego (P)
    • niemiecki
942 -Rodzaj dokumentu [ , ]
    • c
    • Rodzaj dokumentu
    • Książka
100 -Hasło główne - nazwa osobowa [1, ]
    • a
    • Nazwa osobowa (NP)
    • Thiel, Erhard
    • d
    • Daty biograficzne (NP)
    • (1940- ).
    • 9
    • KHW
    • 560007
245 -Strefa tytułu i oznaczenia odpowiedzialności [1,0]
    • a
    • Tytuł
    • Mowa ciała zdradzi więcej niż tysiąc słów / Find
    • c
    • Pozostałe elementy strefy tytułu i oznaczenia odpowiedzialności (NP)
    • Erhard Thiel ; przeł. Wiesława Moniak.
246 -Wariant tytułu [1, ]
    • i
    • Tekst wyświetlany na ekranie monitora (NP)
    • Tyt. oryg.:
    • a
    • Tytuł (NP)
    • Körpersprache verrät mehr als tausend Worte
260 -Strefa adresu wydawniczego [ , ]
    • a
    • Miejsce wydania (P)
    • Wrocław :
    • b
    • Nazwa wydawcy (P)
    • Luna,
    • c
    • Data wydania (P)
    • 1992.
300 -Strefa opisu fizycznego [ , ]
    • a
    • Określenie formy książki i/lub objętość (NP)
    • 152 s. :
    • b
    • Oznaczenie ilustracji (NP)
    • il. kolor. ;
    • c
    • Format (NP)
    • 21 cm.
336 -Typ zawartości [ , ]
    • a
    • Termin opisujący typ zawartości
    • Tekst
    • b
    • Kod określający zawartość
    • txt
    • 2
    • Źródło (terminu i kodu)
    • rdacontent
337 -Typ mediów [ , ]
    • a
    • Tryb odtwarzania
    • Bez urządzenia pośredniczącego
    • b
    • Kod typu mediów
    • n
    • 2
    • Źródło (terminu i kodu)
    • rdamedia
338 -Typ/rodzaj nośnika [ , ]
    • a
    • Hasło opisujące typ nośnika
    • Wolumin
    • b
    • Kod typu nośnika
    • nc
    • 2
    • Źródło (terminu i kodu)
    • rdacarrier
504 -Uwaga dot. bibliogr. załącznikowej [ , ]
    • a
    • Uwaga dot. bibliografii załącznikowej
    • Bibliogr. s. 151-152.
080 -Uniwersalna Klasyfikacja Dziesiętna [ , ]
    • a
    • Symbol klasyfikacji
    • 159.91
    • 9
    • UKD
    • 2413
    • 2
    • Identyfikator wydania tablic
    • UDC-P058
    • b
    • Dopowiedzenie
    • Psychofizjologia. System nerwowy: struktura i funkcje.
080 -Uniwersalna Klasyfikacja Dziesiętna [ , ]
    • a
    • Symbol klasyfikacji
    • :159.94
650 -Hasło przedmiotowe [ ,7]
    • a
    • Hasło przedmiotowe
    • Komunikacja niewerbalna
    • x
    • Określnik rzeczowy
    • aspekt psychologiczny.
    • 2
    • Źródło terminu
    • kaba
    • 9
    • KHW
    • 384007
650 -Hasło przedmiotowe [ ,7]
    • a
    • Hasło przedmiotowe
    • Ekspresja ciała.
    • 2
    • Źródło terminu
    • kaba
    • 9
    • KHW
    • 107487
980 -Symbol UKD [ , ]
    • a
    • UKD
    • 159.91:159.94
700 -Hasło dodatkowe - nazwa osobowa [1, ]
    • a
    • Nazwa osobowa (NP)
    • Moniak, Wiesława. Find
    • e
    • Określenie rodzaju współpracy
    • Tł.
    • 9
    • KHW
    • 560006
920 -ISBN [ , ]
    • a
    • ISBN
    • 83-85502-25-4 Find
Numer inwentarzowy Status udost. Lokalizacja Data inwentaryzacji
Pd.74581BG1995-01-04